00614cam a22002411 4500001001300000003000400013005001700017008004100034010001700075035002000092040001800112042001200130050002100142100002300163245001800186260001200204300001900216500001300235500003000248504003100278600004600309999001700355sa 65008043 DLC20260227112153.0890912s1964 ii b 000 0 urdr  asa 65008043  a(OCoLC)20331288 aDLCcWaUdDLC apremarc00aPK2198.G4bZ76181 aLatif, Syed Abdul.10aG̲h̲ālib. c[1964?] a160 p.c19 cm. aIn Urdu. aText partially vocalized. aBibliographical footnotes.10aGhalib, Mirza Asadullah Khan,d1797-1869. c65509d65509